000 00871nam a2200253Ia 4500
003 OSt
005 20221005112408.0
006 a|||||r|||| 00| 0
007 ta
008 221004b |||||||| |||| 00| 0 pan d
020 _a9789380918764 (hbk)
_c200
024 _a117622
037 _b565, 02/02/2012, H.K. Prakashan
_cTextual
040 _aCRL
_cCRL
_bpan
041 _2pan
_apan
082 _aO153,1L53,12:g, [Q1]
100 _aਪ੍ਰਿਤਪਾਲ ਸਿੰਘ
245 0 _aਸੱਸੀ ਹਾfਮ ਾਹ
260 _aਸਮਾਣਾ
_bਸੰਗਮ ਪਬਲੀਕੇਨਗ਼ੂ ਭਾਰਤ
_c2011
300 _a168ਪੰ
_ccm.
650 _aਪੰਜਾਬੀ ਸਾਹਿਤ
942 _hO153,1L53,12:g, [Q1]
_cTEXL
_2cc
999 _c1024746
_d1024746